• 首页
  • 本馆介绍
  • 公告通知
  • 最新文献
  • 馆藏检索
  • 电子资源
  • 读者导购
  • 参考咨询
  • 我的图书馆
  • 登录
  • 详细信息显示
  • 放入我的书架
  • 预约/预借图书
  • 作者相关作品
  • 分类相关作品
  • 丛书相关作品
  • 出版社相关作品

书目信息

  • 表格格式
  • 工作单格式
  • 卡片格式
题名:
跟我学乡村音乐
    
 
作者: 王迪平 编著
分册:  
出版信息: 长沙   湖南文艺出版社  2000.04
页数: 251页
开本: 30cm
丛书名: 跟我学音乐
单 册:
中图分类: J623.26
科图分类:
主题词: 六弦琴-奏法--基本知识 , 奏法-六弦琴--基本知识
电子资源:
ISBN: 7-5404-2287-4
000 00748nam2 2200253 450
001 012000030448
005 20000719181629.0
010    @a7-5404-2287-4@dCNY26.50
035    @a(011001)c2000009339
100    @a20000714d2000 em y0chiy0120 ea
101 0  @achi@aeng
102    @aCN@b430000
105    @afg z 000yd
200 1  @a跟我学乡村音乐@Agen wo xue xiang cun yin yue@f王迪平编著@Fwang di ping bian zhu
210    @a长沙@c湖南文艺出版社@d2000.04
215    @a251页@c照片@d30cm
225 2  @a跟我学音乐@h第七辑
410  0 @12001 @a跟我学音乐
606    @a六弦琴-奏法@x基本知识
606    @a奏法-六弦琴@x基本知识
690    @aJ623.26@v4
701  0 @a王迪平@Awang di ping@4编著
801  0 @aCN@bNLC@c20000719
905    @aBZT@dJ623.26@e1
    
    跟我学乡村音乐/王迪平编著.-长沙:湖南文艺出版社,2000.04
    251页:照片;30cm.-(跟我学音乐.第七辑)
    
    
    ISBN 7-5404-2287-4:CNY26.50
    
●
相关链接 在五车中查询图书 在当当中查询图书 在豆瓣中查询图书


正题名:跟我学乡村音乐     索取号:J623.26/1         预约/预借

序号 登录号 条形码 馆藏地/架位号 状态 备注
1 437631   210657831   中心书库中库/ 中库020架B面2列3层42/ [索取号:J623.26/1] 在馆    
2 437632   210657822   中心书库中库/ 中库020架B面4列4层25/ [索取号:J623.26/1] 在馆    
3 437633   210657813   中心书库中库/ 中库020架B面2列3层46/ [索取号:J623.26/1] 在馆    
4 437634   210657797   中心书库中库/ 中库020架B面2列3层47/ [索取号:J623.26/1] 在馆    
5 437635   210657804   中心书库中库/ 中库020架B面2列3层41/ [索取号:J623.26/1] 在馆    
6 437636   210657788   中心书库中库/ 中库020架B面2列3层45/ [索取号:J623.26/1] 在馆    
7 437637   210657779   中心书库中库/ 中库019架B面4列4层8/ [索取号:J623.26/1] 在馆    
8 437638   210657760   中心书库中库/ 中库021架A面3列5层1/ [索取号:J623.26/1] 在馆    
9 437639   210657751   中心书库中库/ 中库020架B面2列3层44/ [索取号:J623.26/1] 在馆    
10 437640   210657742   中心书库中库/ 中库020架B面2列3层43/ [索取号:J623.26/1] 在馆    
山东省滨州职业学院图书馆 欢迎您!
大连网信软件有限公司© 版权所有